000 00711nam a2200241 4500
003 OSt
005 20260601193404.0
008 260508b1969 sp |||| |||| 00| 0 spa d
040 _aICI
_bspa
_cICI
041 _aspa
050 _aNA680
_bB56
100 1 _aBohigas, Oriol,
_d1925-
_935358
245 1 _aContra una arquitectura adjetivada.
264 _b Seix Barral,
_c1969
_aBarcelona :
300 _a173 páginas
_c18cm.
336 _atexto
_2rdacontent
337 _asin medio
_2rdamedia
338 _avolumen
_2rdacarrier
490 0 _aBiblioteca breve de bolsillo ;
_v55
650 4 _aArquitectura moderna
_ySiglo XX
_935359
830 0 _aBiblioteca breve (Barcelona España)
_935360
942 _2lcc
_cB
_n1
999 _c21080
_d21080